| 000 | 00462nam a2200181Ia 4500 | ||
|---|---|---|---|
| 001 | 11531 | ||
| 005 | 20260306162834.0 | ||
| 008 | 260306t2011||||xx |||||||||||||| ||spa|| | ||
| 041 | _aESP | ||
| 082 |
_a985.072 _bD243 |
||
| 100 |
_aDiez Canseco Terry, Raúl _eAUT |
||
| 245 | 0 |
_aFernando Belaunde Terry: _ba 100 años de su nacimiento |
|
| 260 | _c2011 | ||
| 300 |
_a100 páginas : _c20.5 cm. |
||
| 650 | _aGEN | ||
| 654 | _aCHU | ||
| 942 |
_cLIB _dJUS _fJUS _2ddc _n |
||
| 999 |
_c11531 _d11531 |
||